Detalles MARC
| 000 -CABECERA |
| campo de control de longitud fija |
01231nam a2200265 a 4500 |
| 001 - NÚMERO DE CONTROL |
| campo de control |
000000524 |
| 005 - FECHA Y HORA DE LA ÚLTIMA TRANSACCIÓN |
| campo de control |
20240502132913.0 |
| 008 - DATOS DE LONGITUD FIJA--INFORMACIÓN GENERAL |
| campo de control de longitud fija |
081127s2008 dr 001 0 spa d |
| 020 ## - NÚMERO INTERNACIONAL ESTÁNDAR DEL LIBRO |
| Número Internacional Estándar del Libro |
9789945864502 |
| 020 ## - NÚMERO INTERNACIONAL ESTÁNDAR DEL LIBRO |
| Número Internacional Estándar del Libro |
9945864505 |
| 040 ## - FUENTE DE LA CATALOGACIÓN |
| Centro catalogador/agencia de origen |
DO-SdBNP |
| Lengua de catalogación |
spa |
| Centro/agencia transcriptor |
BNPHU |
| 082 ## - NÚMERO DE LA CLASIFICACIÓN DECIMAL DEWEY |
| Número de clasificación |
234.5 |
| Número de documento/Ítem |
A634s |
| 100 1# - ENTRADA PRINCIPAL--NOMBRE DE PERSONA |
| Nombre de persona |
Antoine, Francois D. |
| 9 (RLIN) |
1731 |
| 245 10 - MENCIÓN DE TÍTULO |
| Título |
Siete pasos para alcanzar la salvación / |
| Mención de responsabilidad, etc. |
Francois D. Antoine. |
| 246 34 - FORMA VARIANTE DE TÍTULO |
| Título propio/Titulo breve |
7 pasos para alcanzar la salvación |
| 260 ## - PUBLICACIÓN, DISTRIBUCIÓN, ETC. |
| Lugar de publicación, distribución, etc. |
Santo Domingo : |
| Nombre del editor, distribuidor, etc. |
Impreso Fernández, |
| Fecha de publicación, distribución, etc. |
2008. |
| 300 ## - DESCRIPCIÓN FÍSICA |
| Extensión |
103 p. ; |
| Dimensiones |
19 cm. |
| 505 0# - NOTA DE CONTENIDO CON FORMATO |
| Título |
Dedicatoria -- |
| -- |
Prefacio -- |
| -- |
Introducción -- |
| -- |
El principio del pecado -- |
| -- |
La salvación es una obra divina -- |
| -- |
La salvación es gratuita -- |
| -- |
Los siete pasos para alcanzar la salvación -- |
| -- |
Tipos de bautismo -- |
| -- |
¿Por qué es necesaria la salvación que Dios nos ofrece? -- |
| -- |
Vida después de la conversión -- |
| -- |
La oración -- |
| -- |
La tentación -- |
| -- |
Conclusión -- |
| -- |
Agradecimiento -- |
| -- |
Poema de agradecimiento. |
| 590 ## - NOTA LOCAL (RLIN) |
| Nota local |
Libro autografiado por el autor. |
| 590 ## - NOTA LOCAL (RLIN) |
| Nota local |
Inventariado, 2018/BT |
| 650 #4 - PUNTO DE ACCESO ADICIONAL DE MATERIA--TÉRMINO DE MATERIA |
| Término de materia o nombre geográfico como elemento de entrada |
Salvación |
| Subdivisión general |
Enseñanza bíblica |
| 9 (RLIN) |
1732 |
| 650 #4 - PUNTO DE ACCESO ADICIONAL DE MATERIA--TÉRMINO DE MATERIA |
| Término de materia o nombre geográfico como elemento de entrada |
Obra evangélica |
| 9 (RLIN) |
1733 |
| 650 #0 - PUNTO DE ACCESO ADICIONAL DE MATERIA--TÉRMINO DE MATERIA |
| Término de materia o nombre geográfico como elemento de entrada |
Cristianismo |
| 9 (RLIN) |
885 |
| 910 ## - DATOS DE OPCIÓN DEL USUARIO (OCLC) |
| Datos de opción del usuario |
Validado. Control de calidad. EMS |